000 00720 a2200217 4500
003 OSt
005 20241206101010.0
008 220727s2006 m a||||r|||| 00| 0 eng d
020 _a9781580176057
040 _cCHAP
082 0 0 _a636.213
_b R83
_222
100 1 _aRuechel, Julius
_9186462
245 1 0 _aGrass-fed casttle :
_bhow to produce and market natural beef /
_cpor Julius Ruechel.
264 1 _aNort Adams, MA :
_bStorey Publishing,
_c2006.
300 _axi, 372 páginas.
_bilustraciones.
504 _aIncluye bibliografía.
650 2 _9140011
_aGanado de carne
_x Alimentación y alimentos
650 2 _945092
_aGanado de carne
_xMercadeo
650 2 _945502
_aGanado vacuno
_xPastoreo
942 _2ddc
_cLIBRO
999 _c217359
_d217359